000 01709cam a22004574i 4500
003 PE-LiUPU
005 20250805173916.0
008 150625s1989 sp r 000 0 spa d
020 _a8476453825
035 _a(Sirsi) a31224
040 _aPE-LiUPU
_bspa
_cPE-LiUPU
_erda
049 _aPRUA
082 _223
_a227
_bR649e
100 1 _aRobertson, Archibald Thomas,
_eautor.
245 1 4 _aLas Epistolas de Pablo /
_cArchibal Thomas Robertson.
264 1 _aBarcelona :
_bCLIE,
_c1989.
300 _a829 páginas ;
_c22.5 cm
336 _atext
_2rdacontent
337 _aunmediated
_2rdamedia
338 _avolume
_2rdacarrier
490 0 _aImágenes verbales en el Nuevo Testamento ;
_v4
505 0 _aLas epístolas de Pablo -- Primera de Tesalonicenses -- Segunda Tesalonicenses -- Primera Corintios -- Segunda Corintios -- Gálatas -- Romanos -- Filipenses -- Filemón -- Colosenses -- Efesios -- Primera Timoteo -- Tito -- Segunda Timoteo.
526 _aSEG42
526 _aSEG41
526 _aSEG40
526 _aSEG39
526 _aP94
526 _aP87
526 _aP86
526 _aP85
526 _aP77
526 _aP76
526 _aP35
630 0 _aBiblia.
_pEpístolas de Pablo
_xCrítica, Interpretación, etc.
_95086
942 _2ddc
_cBK
949 _wDEWEY
_c1
_i31917
_lCCODEBUL1
_mBUL
_p28.00
_r0
_sY
_tBOOK
_u2015-06-25
_xBIBLIOTECA
_zUNKNOWN
_0COMPRA
_o.STAFF. Colección Teología
949 _a225.75 R71 4
_wDEWEY
_c2
_i34891
_lCCODEBUL1
_mBUL
_p28.00
_r0
_sY
_tBOOK
_u2015-06-25
_xBIBLIOTECA
_zUNKNOWN
_0COMPRA
_o.STAFF. Colección Teología
980 _818226
_gJaime Vilcazán Jefe de Análisis Documental
999 _c38755 | 2
_d38755